MARC

LEADER 00000nam0a2200000 4500
001 348910
005 20231102010143.0
035 |a (RuTPU)RU\TPU\retro\782 
090 |a 348910 
100 |a 20180327d1969 km y0rusy50 ca 
101 0 |a rus 
102 |a RU 
105 |a a z 001zy 
200 1 |a Автоматизация процесса формирования ориентированного стеклопластика  |f В. Е. Шукшунов [и др.]  |g Новочеркасский политехнический институт им. Серго Орджоникидзе 
210 |a Орджоникидзе  |c Ир  |d 1969 
215 |a 112 с.  |c ил. 
320 |a Библиогр.: с. 108-110 
606 1 |a Стеклопластики ориентированные  |2 stltpush  |3 (RuTPU)RU\TPU\subj\56920  |9 74803 
610 1 |a математическое моделирование 
610 1 |a исследование 
610 1 |a натяжители 
610 1 |a устройства контроля 
610 1 |a стекломасса 
610 1 |a температура 
610 1 |a связующие 
610 1 |a уровень 
610 1 |a концентрация 
610 1 |a вязкость 
610 1 |a пропиточные растворы 
675 |a 678.5.067.5  |v 4 
701 1 |a Шукшунов  |b В. Е. 
701 1 |a Фандеев  |b Е. И. 
701 1 |a Михайлов  |b В. В. 
701 1 |a Лисовская  |b Г. Г. 
701 1 |a Мартыненко  |b О. П. 
712 0 2 |a Новочеркасский политехнический институт им. Серго Орджоникидзе  |c (1948-1993)  |2 stltpush  |3 (RuTPU)RU\TPU\col\227  |9 23289 
801 1 |a RU  |b 63413507  |c 20180327 
801 2 |a RU  |b 63413507  |c 20180327  |g RCR 
942 |c BK